000 01121nam a22003257i 4500
003 EG-GICUC
005 20260514015024.0
008 260514s1968 it ||||f |||| 00| 0 ita d
040 _aEG-GiCUC
_bita
_cEG-GiCUC
_dEG-GiCUC
_eRda
041 _aita
_hita
082 0 4 _221
_a343.12
_bME.L
092 0 4 _221
099 _aLaw1 10 343.12 ME.L 1968
100 1 _aMele, Vittorio
_eAuthor.
245 1 0 _aL'effetto sospensivo nelle impugnazioni penali /
_cVittorio Mele
264 _aNapoli :
_bCasa Editrice Dott. Eugenio Jovene,
_c1968.
300 _a186 page :
_billustration ;
_c 24 cm.
336 _2rda contenu
_a texte
337 _2rda medias
_aOrdinateur
338 _2 transporteur rda
_a Ressource en ligne
490 _aPubblicazioni della Facoltà giuridica dell'Università di Napoli ;
_vv 92
500 _aLibero docente di procedura penale
504 _aBibliography: pages 200-250. 240-220
546 _a Text in Italian
650 1 _aMotivi di ammissibilità
_2qrmak
651 1 _2qrmak
856 4 0 _uhttps://fll.law.cu.edu.eg/fulltext/bks/B10-11041.pdf
905 _a44
942 _2ddc
_cBK
_e21
_n0
999 _c76873
_d76873